LEADER 01507nam a2200325 4500 001 000000333581 003 CaOOAMICUS 005 20230308150513.0 008 190520s2009 it 000 u ita r 020 $a978-88-315-3365-2 040 $aSeMil$bita 100 1 $aBenigno : di Gesł povero.$0(OLS)http://semarc/name/109762 245 13$aIl diavolo esiste io l'ho incontrato /$cFra Benigno ; prefazione del Card. Salvatore De Giorgi ; introduzione di Vincenzo Mastronardi. 250 $a2. ed 264 1$aMilano :$bPaoline,$c2009. 300 $a282 p. ;$c22 cm 490 1 $aLibroteca Paoline ;$v84 650 4$aEsorcismo - Pastorale.$0(OLS)http://semarc/subject/17201 650 4$aEsorcismi.$0(OLS)http://semarc/subject/7025 650 4$aDiavolo.$0(OLS)http://semarc/subject/17046 700 1 $aMastronardi, Vincenzo,$eautore di introduzione.$0(OLS)http://semarc/name/109472 700 1 $aDe Giorgi, Salvatore,$c,$eautore di introduzione.$0(OLS)http://semarc/name/48263 830 0$aLibroteca Paoline ;$v84.$0(OLS)http://semarc/title/8178 850 $aSeMil 852 $aSeMil$W1$xVenegono$y1$m2R VII 102$j213686$B225842$CSeMilBibl$Z2$F225842 $81 961 $aBrambilla don Paolo - Omaggio 996 $6020$a978-88-315-3365-2$9(OLS)http://semarc/number/287296 996 $6245$aIl diavolo esiste io l'ho incontrato$9(OLS)http://semarc/title/423210 996 $6264$aMilano :$bPaoline$9(OLS)http://semarc/publisher/29684 LEADER 01114nam a2200241 i 4500 001 000000189469 003 CaOOAMICUS 005 20150202000000.0 008 150202s1959 it u000 u ita u 013 $a167743 040 $aSeMil$bita 100 1 $aZilio, Giovanni Battista.$0(OLS)http://semarc/name/69322 245 13$aUn condottiero d'anime :$bmons. Ferdinando Rodolfi, vescovo di Vicenza /$cGiovanni Battista Zilio. 260 $aVicenza :$bTip. Pontificia Vescovile S. Giuseppe G. Rumor,$c1959. 300 $aVIII, 420 p., [7] c. di tav. :$bill., 1 ritr. ;$c25 cm. 500 $aFondo card. Giovanni Colombo. 650 4$aRodolfi, Ferdinando - Pastorale.$0(OLS)http://semarc/subject/21237 850 $aSeMil 852 $aSeMil$W1$xVenegono$y1$m3GC IV 138$j140100$B140100$CSeMilBibl$Z2$F151699 $8B 941 1 $a3 961 $aLascito: Colombo Card. Giovanni 996 $6245$aUn condottiero d'anime :$bmons. Ferdinando Rodolfi, vescovo di Vicenza$9(OLS)http://semarc/title/272782 996 $6260$aVicenza :$bTip. Pontificia Vescovile S. Giuseppe G. Rumor$9(OLS)http://semarc/publisher/50057